Podnikateľská etika prístup, perspektíva, výzva

Guardado en:
Detalles Bibliográficos
Autor principal: Hanuláková, Eva
Formato: Libro
Lenguaje:eslovaco
Publicado: Bratislava Eurounion 1997
Colección:Ekonomické a právne minimum podnikateľa
Materias:
Acceso en línea:Ver en el OPAC
Etiquetas: Agregar Etiqueta
Sin Etiquetas, Sea el primero en etiquetar este registro!

MARC

LEADER 00000nam a2200000 a 4500
005 20260127134106.0
008 160208s1997 xo a r y 0 slo
015 |a SNBA1998/04-01234 
020 |a 8085568799 
035 |a vtls001314888 
035 |a SNK000267361 
035 |a urn:nbn:sk:snk-amkh3j 
035 |a urn:nbn:sk:snk-am008g9y 
035 |a 903A5270-9083-4852-BFDD-1071A50E7B3E 
039 9 |a 201602081627  |b VLOAD  |c 201502171040  |d VLOAD  |c 201411061729  |d VLOAD  |c 201306062047  |d VLOAD  |y 200412272240  |z VLOAD 
040 |a SNK  |b slo  |c SNK  |d STUSCHK1  |e AACR2 
041 0 |a slo 
044 |a xo  |c SK 
080 |a 174:658.1(035) 
080 |a 658.1(035) 
100 1 |a Hanuláková, Eva 
245 1 0 |a Podnikateľská etika  |b prístup, perspektíva, výzva  |c Eva Hanuláková 
260 |a Bratislava  |b Eurounion  |c 1997 
300 |a 114 s.  |b sch.  |c 21 cm 
490 1 |a Ekonomické a právne minimum podnikateľa 
504 |a Bibliogr. s. 112-114 
650 0 7 |a manažérska etika  |x príručky  |2 SNK 
655 7 |a príručky  |2 SNK 
760 1 |t Ekonomické a právne minimum podnikateľa 
830 0 |a Ekonomické a právne minimum podnikateľa 
910 |a SCHK95 
910 |a totk 
919 |a 80-85568-79-9 
958 |a TL 
958 |a NB 
999 |c 3897  |d 3897 
942 0 0 |0 1